| 000 | 00569nam a2200169 a 4500 | ||
|---|---|---|---|
| 001 | 4388 | ||
| 003 | CDMR | ||
| 005 | 20151103110602.0 | ||
| 008 | 130130s2003||||||||||||||||||||||||||||d | ||
| 040 |
_aCDMR _bcat _cCPC GIRONA |
||
| 110 |
_9619 _aUniversitat Pompeu Fabra |
||
| 245 | 0 | 3 |
_aEl periodisme després de la guerra d'Iraq _cSeminari d'Actualitat Periodística |
| 260 |
_c2003 _bUniversitat Pompeu Fabra _aBarcelona |
||
| 500 | _aTranscripció del Seminari d'Actualitat Periodística, 16 de juny de 2003 | ||
| 650 | 0 | 4 |
_93582 _aGuerra d'Iraq, 2003-2011 |
| 942 |
_cMON _2ddc |
||
| 999 |
_c4388 _d4388 |
||